Southville International School and Colleges
Your cart is empty.
  • Cart
  • Lists
    Public lists Eva Luna New books Lux_list list_1
    Your lists Log in to create your own lists
  • Log in to your account
  • Your cookies
  • Search history
Southville International School and Colleges
  • Advanced search
  • Recent comments
  • Most popular
  • Libraries

Log in to your account

Log in with GOOGLE


If you do not have an external account, but do have a local account, you can still log in:

  1. Home
  2. MARC view: The black poets
Normal view MARC view ISBD view

The black poets (Record no. 15324)

[ view plain ]
MARC details
000 -LEADER
fixed length control field 01372cim a2200421 a 4500
001 - CONTROL NUMBER
control field 5620553
003 - CONTROL NUMBER IDENTIFIER
control field OSt
005 - DATE AND TIME OF LATEST TRANSACTION
control field 20140310182720.0
007 - PHYSICAL DESCRIPTION FIXED FIELD--GENERAL INFORMATION
fixed length control field ssulunjlcnnnu
008 - FIXED-LENGTH DATA ELEMENTS--GENERAL INFORMATION
fixed length control field 900118s1968 caunnn p eng
010 ## - LIBRARY OF CONGRESS CONTROL NUMBER
LC control number 90740068
020 ## - INTERNATIONAL STANDARD BOOK NUMBER
International Standard Book Number 0553275631
028 02 - PUBLISHER NUMBER
Publisher number BB1187
Source Pacifica Radio Archive
040 ## - CATALOGING SOURCE
Original cataloging agency DLC
Transcribing agency DLC
Modifying agency DLC
050 10 - LIBRARY OF CONGRESS CALL NUMBER
Classification number PS 591
Item number .R188 1970
082 ## - DEWEY DECIMAL CLASSIFICATION NUMBER
-- M 811.508
Item number R56 1970
245 00 - TITLE STATEMENT
Title The black poets
Statement of responsibility, etc Randall, Dudley
260 ## - PUBLICATION, DISTRIBUTION, ETC. (IMPRINT)
Place of publication, distribution, etc New York :
Name of publisher, distributor, etc Bantam Books,
Date of publication, distribution, etc c1970.
300 ## - PHYSICAL DESCRIPTION
Extent The black poets
Dimensions 18 cm.
306 ## - PLAYING TIME
Playing time 003400
500 ## - GENERAL NOTE
General note Radio program.
520 ## - SUMMARY, ETC.
Summary, etc The following Black poets read their own works: Langston Hughes, Countee Cullen, Margaret Walker, Gwendolyn Brooks, Claude McKay, and Sterling Brown.
521 ## - TARGET AUDIENCE NOTE
Target audience note
526 ## - STUDY PROGRAM INFORMATION NOTE
Reading level 120L-1700L
541 ## - IMMEDIATE SOURCE OF ACQUISITION NOTE
-- 1
562 ## - COPY AND VERSION IDENTIFICATION NOTE
Number of copies 1
650 #0 - SUBJECT ADDED ENTRY--TOPICAL TERM
Topical term or geographic name as entry element American poetry
General subdivision African American authors.
650 #0 - SUBJECT ADDED ENTRY--TOPICAL TERM
Topical term or geographic name as entry element American poetry
Chronological subdivision 20th century.
650 #0 - SUBJECT ADDED ENTRY--TOPICAL TERM
Topical term or geographic name as entry element African Americans
Form subdivision Poetry.
700 1# - ADDED ENTRY--PERSONAL NAME
Personal name Hughes, Langston,
Dates associated with a name 1902-1967.
700 1# - ADDED ENTRY--PERSONAL NAME
Personal name Cullen, Countee,
Dates associated with a name 1903-1946.
700 1# - ADDED ENTRY--PERSONAL NAME
Personal name Walker, Margaret,
Dates associated with a name 1915-1998.
700 1# - ADDED ENTRY--PERSONAL NAME
Personal name Brooks, Gwendolyn,
Dates associated with a name 1917-2000.
700 1# - ADDED ENTRY--PERSONAL NAME
Personal name McKay, Claude,
Dates associated with a name 1890-1948.
700 1# - ADDED ENTRY--PERSONAL NAME
Personal name Brown, Sterling Allen,
Dates associated with a name 1901-1989.
906 ## - LOCAL DATA ELEMENT F, LDF (RLIN)
a 7
b cbc
c orignew
d 2
e ncip
f 19
g y-gen
942 ## - ADDED ENTRY ELEMENTS (KOHA)
Source of classification or shelving scheme Library of Congress Classification
Koha item type Books
Call number prefix
Holdings
Withdrawn status Lost status Source of classification or shelving scheme Damaged status Home library Current library Shelving location Date acquired Source of acquisition Total Checkouts Full call number Barcode Date last seen Copy number Price effective from Koha item type
    Library of Congress Classification   Archives Archives   06/08/2013 Donation   PS 591 .R188 1970 C0565 05/15/2018 1 11/14/2013 Books

The black poets

APA

Hughes L., Cullen C., Walker M., Brooks G., McKay C. & Brown S. A. (1970). The black poets. New York: Bantam Books.

Chicago

Hughes Langston, Cullen Countee, Walker Margaret, Brooks Gwendolyn, McKay Claude and Brown Sterling Allen. 1970. The black poets. New York: Bantam Books.

Harvard

Hughes L., Cullen C., Walker M., Brooks G., McKay C. and Brown S. A. (1970). The black poets. New York: Bantam Books.

MLA

Hughes Langston, Cullen Countee, Walker Margaret, Brooks Gwendolyn, McKay Claude and Brown Sterling Allen. The black poets. New York: Bantam Books. 1970.

  • Place hold
  • Print
  • Cite
  • Add to your cart (remove)
  • Save record
    BIBTEX Dublin Core MARCXML MARC (non-Unicode/MARC-8) MARC (Unicode/UTF-8) MARC (Unicode/UTF-8, Standard) MODS (XML) RIS
  • More searches
    Search for this title in:
    Other Libraries (WorldCat) Other Databases (Google Scholar) Online Stores (Bookfinder.com) Open Library (openlibrary.org)

Exporting to Dublin Core...

SOUTHVILLE LIBRARY

Southville International School and Colleges Library

1281 Tropical Ave. Cor. Luxembourg St., BF Homes International, Las Pinas City

Tel. No. 8256374 / 252358 Loc. 117/146

Powered by Koha